| 000 | 00315nam a22001097a 4500 | ||
|---|---|---|---|
| 008 | 140320t xxu||||| |||| 00| 0 eng d | ||
| 020 | _a978-0-12-370581-5 | ||
| 100 |
_aMicheal F. Moody _9795 |
||
| 245 |
_aStructural Biology using electrons and X-rays _ban introduction for biologists |
||
| 300 | _a434 | ||
| 942 |
_2ddc _cBK |
||
| 999 |
_c17047 _d17047 |
||